000 00683cam a22002411 4500
001 ne 67000488
003 DLC
005 20260227111830.0
008 810922s1966 le 000 0 ara
010 _ane 67000488
025 _aPL480:UAR-7819
035 _a(OCoLC)7782745
040 _aDLC
_cTU
_dTU
_dDLC
042 _apremarc
050 0 0 _aBP135.A2
_bZ3
100 0 _aZayd ibn ʻAlī,
_d-740.
245 1 0 _aMusnad al-Imām Zayd,
_cli-Zayd ibn Alī ibn al-Husayn ibn ʻAlī ibn Abī Ṭalib.
260 _a[Bayrūt],
_bDār Maktabat al-Hayat
_c[1966]
300 _a518 p.
_c25 cm.
500 _aCover title: Musnad al-Imam Zayd.
650 0 _aHadith.
650 0 _aZaydīs.
999 _c49454
_d49454